First Names in TV Shows Quiz Stats

 Plays Quiz Updated Jun 12, 2019

Score 0/18 Timer 05:00
2 Plays Today
% Correct
Charlie Sheen's
Angels
91.4%
Ugly
Betty White
87.9%
Simon &
Simon Cowell
82.4%
Will Arnett
& Grace
81.4%
Mork &
Mindy Kaling
81%
Mike Myers
& Molly
80.1%
I Love
Lucy Lawless
78.6%
Dennis Franz
the Menace
78.6%
Judging
Amy Poehler
77.7%
% Correct
Laverne &
Shirley Jones
77.4%
Mister Ed Asner
72.6%
Jane Krakowski
the Virgin
71.7%
Adam Sandler-12
71.2%
Everybody Loves
Raymond Burr
69.8%
Everybody Hates
Chris Noth
69.5%
Caroline Rhea
in the City
68.3%
Joan Collins
of Arcadia
66.7%
Kate Mara
& Allie
60.8%

You're not logged in!

Compare scores with friends on all Sporcle quizzes.
OR
Log In

Show Comments

Extras

Top Quizzes Today


Score Distribution

Your Account Isn't Verified!

In order to create a playlist on Sporcle, you need to verify the email address you used during registration. Go to your Sporcle Settings to finish the process.

Report this User

Report this user for behavior that violates our Community Guidelines.

Details: